Catálogo

Guadalupe / (Registro nro. 62405)

Detalles MARC
000 -LEADER
fixed length control field 00760nam a2200241 u 4500
001 - CONTROL NUMBER
control field 62405
005 - DATE AND TIME OF LATEST TRANSACTION
control field 20180714064422.0
008 - FIXED-LENGTH DATA ELEMENTS--GENERAL INFORMATION
fixed length control field 150415s2005 mx a r 000 0 spa d
020 ## - INTERNATIONAL STANDARD BOOK NUMBER
International Standard Book Number 970-685-105-4
041 ## - LANGUAGE CODE
Language code of text/sound track or separate title spa
082 0# - DEWEY DECIMAL CLASSIFICATION NUMBER
Classification number 232.917
Item number PIM
100 1# - MAIN ENTRY--PERSONAL NAME
Personal name Pimentel M., Guadalupe
Relator term autor
245 10 - TITLE STATEMENT
Title Guadalupe /
Statement of responsibility, etc. Guadalupe Pimentel.
250 ## - EDITION STATEMENT
Edition statement Primera edición
264 #1 - PRODUCTION, PUBLICATION, DISTRIBUTION, MANUFACTURE, AND COPYRIGHT NOTICE
Place of production, publication, distribution, manufacture México :
Name of producer, publisher, distributor, manufacturer Editorial Alba,
Date of production, publication, distribution, manufacture, or copyright notice 2005
300 ## - PHYSICAL DESCRIPTION
Extent 185 páginas :
Other physical details ilustraciones ;
Dimensions 19 cm.
336 ## - CONTENT TYPE
Content type term texto
Source rdacontent
337 ## - MEDIA TYPE
Media type term sin mediación
Source rdamedia
338 ## - CARRIER TYPE
Carrier type term volumen
Source rdacarrier
650 #0 - SUBJECT ADDED ENTRY--TOPICAL TERM
Topical term or geographic name entry element Virgen de Guadalupe
General subdivision Apariciones y milagros
-- Historia
650 #0 - SUBJECT ADDED ENTRY--TOPICAL TERM
Topical term or geographic name entry element Catolicismo
Geographic subdivision México
General subdivision Historia
650 #0 - SUBJECT ADDED ENTRY--TOPICAL TERM
Topical term or geographic name entry element México
General subdivision Historia
Chronological subdivision Siglo XX
Existencias
Withdrawn status Lost status Source of classification or shelving scheme Damaged status Not for loan Collection code Home library Current library Shelving location Date acquired Source of acquisition Inventory number Total Checkouts Full call number Barcode Date last seen Price effective from Koha item type
    Dewey Decimal Classification     General Centro de Estudios Guadalupanos Centro de Estudios Guadalupanos Sala general 15/04/2015 Compra 151000000000000000015221   232.917 PIM 2005 93691 05/01/2026 15/04/2015 Libro